00821cam a2200217 a 450000100100000000500170001000800410002702000150006804000250008308200230010810000330013124501100016425000110027426000320028530000210031765000150033860000740035360000680042760000630049565000450055800000460120241009115416.0930106s1977 sp b 001 0 spa  a8437600227 aDO-SdBNPbspacBNPHU a860.9bL431e, 19771 aLázaro Carreter, Fernando.10aEstilo barroco y personalidad creadora :bGóngora, Quevedo, Lope de Vega /cFernando Lázaro Carreter. a3a ed. aMadrid :bCátedra,c1977. a201 p. ;c21 cm. 0aLiteratura14aGÓNGORA Y ARGOTE, LUIS DE,d1561-1627xCRÍTICA E INTERPRETACIÓN14aQUEVEDO, FRANCISCO DE,d1580-1645xCRÍTICA E INTERPRETACIÓN14aVEGA, LÓPEZ DE,d1562-1635xCRÍTICA E INTERPRETACIÓN 4aLiteratura barrocaxHistoria y crítica